000 01686cam a22005414i 4500
003 PE-LiUPU
005 20250731170418.0
008 170626s2009 cl r 000 0 spa d
020 _a9789563199352
020 _a9563199359
035 _a(Sirsi) a237801
082 0 4 _a174.2
_bL46
_c223
100 1 _aLeón Correa, Francisco Javier,
_eautor.
245 1 0 _aBioética razonada y razonable /
_cFrancisco Javier León Correa.
264 1 _aSantiago, Chile :
_bFundación interamericana Ciencia y Vida,
_c2009
300 _a265 páginas ;
_c23 centímetros.
336 _atext
_2rdacontent
337 _aunmediated
_2rdamedia
338 _avolume
_2rdacarrier
504 _aBibliografía : páginas 245-265.
505 0 _aFundamentos de bioética general -- Algunos dilemas éticos al inicio y al final de la vida humana -- Bioética institucional, social y global.
526 _aSEG68
526 _aSEG70
526 _aSEG69
526 _aSEG67
526 _aSEG43
526 _aP144
526 _aP143
526 _aP131
526 _aP122
526 _aP120
526 _aP117
526 _aP112
526 _aP110
526 _aP106
526 _aP101
526 _aP80
526 _aP59
526 _aP54
526 _aP35
526 _aP33
526 _aP30
541 _g001-003385;
650 0 4 _aBioética.
596 _a1
942 _2ddc
_cBOOK
999 _a174.2 L46
_wDEWEY
_c24500
_i76124
_d24500
_e2019-4-9
_f2021-11-3
_g4
_lCCODEBUL1
_mBUL
_n4
_p42.99
_q2
_r0
_sY
_tBOOK
_u2017-6-26
_xSALUD
_PP30
_0COMPRA
_o.STAFF. Colección Ciencias de la Salud
980 _81
_gALBERTO SANCHEZ Responsable de Automatización